00751cam a22002177i 45000010009000000050017000090080041000260100017000670200018000840400023001020420010001250500022001351000039001572450099001962600052002953000027003475040057003745460016004316500033004476500053004801783444520141201084252.0130801s2013 ph b 000 0 eng  a 2013307056 a9789712728129 aDLCbengcDLCerda alcode00aZ 8.P5b.J87 20131 aJurilla, Patricia May B.,eauthor.10aStory book :bessays on the history of the book in the Philippines /cPatricia May B. Jurilla. aMandaluyong City, Philippines :bAnvil,cc2013. ax, 134 pages ;c21 cm. aIncludes bibliographical references (pages 129-134). aIn English. aBooksxPhilippinesxHistory. aPublishers and publishingxPhilippinesxHistory.